00633 2200181 4500001002100000005001500021035002000036245005800056100001900114250001700133300002800150260003100178082000800209084001400217020002200231650002100253520017700274INLIS00000000000004720240320092953 a0010-03240000471 aSssh!, Air Panas Mengalir dari Batu /cErlita Pratiwi0 aErlita Pratiwi acetakan ke-1 a36 hlm :bilus ;c19 cm aSolo :bTiga Ananda,c2018 a813 a813 ERL s a978-602-366-486-3 4aCerita Bergambar aBilla mengajak Killa ke Pemandian Batu Kuwung. Apa serunya, ya? Ternyata di sana ada air panas yang mengalir dari batu. Bagaimana ceritanya, ya? Yuk, ikuti Killa dan Billa.